Co to za pojazd? #1 - Statystyki

Ogólne statystyki
  • Ten quiz został rozwiązany 21 razy
  • Średni wynik to 13 z 18
Statystyki odpowiedzi
Obrazkowy Odpowiedź % Poprawnych
Ambulans
100%
Ciągnik Rolniczy
100%
Czołg
100%
Śmieciarka
100%
Wóz Strażacki
100%
Autokar
95%
Samochód Osobowy
95%
Tramwaj
90%
Walec Drogowy
90%
Gokart
85%
Autolaweta
75%
Radiowóz policyjny
75%
Wywrotka
65%
Ładowarka
60%
Parowóz
35%
Zamiatarka Uliczna
35%
Podnośnik Strażacki
15%
Ciągnik samolotowy
5%
Nie znaleziono quizów pasujących do podanych kryteriów
Rozkład punktacji
Procent ludzi z każdym wynikiem
Percentyl według liczby udzielonych odpowiedzi
Twoja historia wyników
Nie rozwiązałeś tego quizu